Les 15 meilleurs passeurs de l'Equipe de France - Statistiques

Statistiques générales
  • Ce quiz a été pris 434 fois
  • Le résultat moyen est 8 sur 15
Statistiques - réponses
Hint Réponse % Correct
1er 28/ Griezmann
96%
3ème 25/ Zidane
95%
7ème 19/ Mbappe
92%
2ème 27/ Henry
89%
4ème 20/ Platini
79%
9ème 17/ Benzema
71%
9ème 17/ Ribéry
59%
13ème 12/ Deschamps
46%
4ème 20/ Djorkaeff
46%
13ème 12/ Vieira
43%
11ème 14/ Pires
37%
12ème 13/ Valbuena
32%
8ème 18/ Wiltord
27%
13ème 12/ Sagnol
8%
4ème 20/ Kopaszewski
1%
Aucun quiz correspondant
Distribution des résultats
% des personnes avec chaque résultat
Percentile par nombre de réponses
Votre historique - résultats
Vous n’avez pas pris ce quiz